000 00248nam a2200133Ia 4500
100 _aKanetkar/ Yashavant
942 _cBK
366 _f20
245 _aLet us Python
260 _bBPB
_c2021
300 _a413
546 _aENGLISH
999 _c20688
_d20688